| 000 | 00445nam a2200181Ia 4500 | ||
|---|---|---|---|
| 001 | 25282 | ||
| 005 | 20260414151139.0 | ||
| 008 | 260414t2018||||xx |||||||||||||| ||spa|| | ||
| 041 | _aESP | ||
| 082 |
_a346.431 _bG67P |
||
| 100 |
_aGonzales Barrón, Gunther _eAUT |
||
| 245 | 0 |
_aEl principio de fe pública registral _b |
|
| 260 | _c2018 | ||
| 300 |
_a301 páginas : _c25 cm. |
||
| 650 | _aDER | ||
| 654 | _aCDE | ||
| 942 |
_cLIB _dJUS _fJUS _2ddc _n |
||
| 999 |
_c25282 _d25282 |
||